zpět

Detail výsledku týmu

Celestial Bar, Pardubice

Datum a čas kvízu

37 Celkem bodů Celkový počet nahraných bodů na tomto kvízu bez doplňovacích otázek.
1. Pořadí na kvízu Konečné umístění týmu na tomto kvízu.

Zaznamenané odpovědi

# Otázka Odpověď Body Výsledky
1. V pondělí proběhlo soudní přel... Pražský výběr 1
2. Nové cestovní pasy jedné evrop... o Slovensku 0
3. Sedmý ročník festivalu Serial... Studna 1
4. Klienti jedné logistické spole... Zásilkovna 1
5. Čtyřčlenné mužstvo z Olomouce... C) kopání hrobů 0
6. Nejznámější českou zpravodajsk... Naslouchej, dívej se, mlč. 0.5
7. U BIS ještě zůstaneme. Jak se... Michal Koudelka 1
8. Five Eyes je aliance zpravodaj... Kanady, Nového Zélandu 0.5
9. Zpravodajské služby nebo tajná... Čeka 1
10. „Seržant Nicholas Brody se nav... Homeland / Ve jménu vlasti 1